LDR 00854naa#a2200169#i#450# 001 EN\\bibl\19920 005 20260702025337.4 100 ## _a20260630b2026####ek#y0engy0150####ca 102 ## _aRU 200 1# _aFITNESS-GAMES AS A MOTIVATOR FOR AN ACTIVE LIFESTYLE _eConference article/thesis 210 1# _aVoronezh _cFSBE Institution of Higher Education Voronezh State University of Forestry and Technologies named after G.F. Morozov _d2026 215 ## _a6 с. 608 ## _aConference article/thesis _2local 675 ## _aВиртуальная реальность. 004.946 _aИгровые, гимнастические и спортивные снаряды. Оборудование, инвентарь и принадлежности для соревнований. 796.022 _z 700 #1 _aAfanasova _gYa. A. 700 #1 _aAkimenko _gAndrey Vladimirovich 856 4# _abibl.vgltu.ru _u